| 000 | 00924nmm a2200349 a 4500 | ||
|---|---|---|---|
| 003 | AR-BaBNM | ||
| 005 | 20251128211657.0 | ||
| 008 | 315020s2005 ||||||||||||||000 | spa|| | ||
| 040 | _cAR-BaBNM | ||
| 245 | 1 | 0 |
_aLucha de calles, lucha de clases _belementos para su análisis, Códoba 1971-1969 |
| 250 | _a2ª ed. | ||
| 260 |
_aBuenos Aires _bEdiciones Ryr _c2005 |
||
| 300 | 0 |
_a235 p. _bmapas, tablas |
|
| 600 | 0 | 4 |
_aOnganía _d1966-1970 |
| 650 | 4 | _aHISTORIA ARGENTINA | |
| 650 | 4 | _aPERIODISMO | |
| 650 | 4 | _aDEMOCRACIA | |
| 650 | 4 | _aDICTADURA | |
| 650 | 4 | _aPARTIDOS POLITICOS | |
| 650 | 4 | _aCORDOBAZO | |
| 651 | 4 | _aArgentina | |
| 700 | 1 | _aBalvé, Beba | |
| 700 | 1 | _aMarín, Juan Carlos | |
| 700 | 1 | _aMurmis, Miguel | |
| 700 | 1 | _aAufgang, Lidia | |
| 700 | 1 | _aBalvé, Beatriz | |
| 700 | 1 | _aBar, Tomás | |
| 700 | 1 | _aJacoby, Roberto | |
| 700 | 1 | _aJacob, Graciela | |
| 942 | _cBK | ||
| 998 | _cmariana | ||
| 999 |
_c20670 _d20670 |
||